000 00644nam a2200241Ia 4500
003 OSt
005 20220918201949.0
006 a|||||r|||| 00| 0
007 ta
008 220917b |||||||| |||| 00| 0 eng d
024 _a97,747
037 _cTextual
040 _aARTS
_cARTS
_beng
041 _2eng
_aeng
082 _aV2:2:D, H3;1, H3;2
100 _aJayaswal K P
_998810
245 0 _aHindu polity
_b A constitutional history of India in Hindu times
250 _a2nd
260 _aNA
_bNA
_c1943
650 _aHISTORY
942 _hV2:2:D, H3;1, H3;2
_cTEXL
_2CC
999 _c221341
_d221341